000 00852nam a22001577a 4500
003 OSt
005 20150918151428.0
008 150918b xxu||||| |||| 00| 0 eng d
040 _cRUA
082 _aAGR PRA
100 _9775
_aPRAK VUTHEA
245 _aUsing the botanical insecticide to control insect pest on green mustard inexperimental station of royal university of agriculture,(ការប្រើប្រាស់ថ្នំាផ្សំពីរុក្ខជាតិក្នុងការកំចាត់ សត្វចង្រៃ លើដំណាំស្ពៃចង្កឹះ នៅស្ថានីយ៍ពិសោធន៍ដំណាំ នៃសាកលវិទ្យាល័យភូមិន្ទកសិកម្ម)
260 _aphnom penh
_bRUA
_c2005
300 _axi,38p.
_cill.
_g29cm.
942 _2ddc
_cAGR
999 _c740
_d740